000 00537ntaaa2200205 4500
003 01
005 20251027202417.0
008 0714s1973 ag 01
020 _a0311056040
040 _aAR-BaBN
_bspa
_cAR-BaBN
_eaacr
_dRIC
082 _a286.7000 P28z
100 _aPaxton, Geoffrey J.
_922927
245 _aEl zarandeo del adventismo
250 _a1 ed.
260 _aEl Paso :
_bCasa Bautista de Publicaciones,
_c1978
300 _a172 p ;
_c21,5 cm
500 _aBibliografía, p. 163-170
650 _aadventistas
942 _cBK
999 _c19027
_d19027